00318 a2200133 450000100060000002000180000604000240002410000220004824000350007024500300010530000090013536200090014465000310015347502 a9788568651209 cAnchieta - Aquarius aImmisch, Nathalia10aAchado não é roubado?lpor10aAchado não é roubado? a44p.0 a2017 4aLiteratura infanto-juvenil